000 00624nam a2200181 i 4500
001 74893
003 ES-MaACL
005 20230906172259.0
007 t|
008 040921s1948 xxk ||||1| spa d
100 1 _aGordon, Strathearn.
_959167
245 1 3 _aEl parlamento británico /
_cStrathearn Gordon ; traducido del inglés por José Rodríguez Olazabal.
260 _aLondres :
_bThe Hansard Society,
_c1948 (
_fPercy-Lund. Humphries)
300 _a191 p., 5 lám. ;
_c18 cm.
610 2 4 _aGran Bretaña.
_bParliament.
_9166343
700 1 _aRodríguez Olazabal, José.
_998706
852 _aES-MaACL
_jD-5804
_bR.29247
999 _c74893
_d74893